[Event "XVI C.to Europeo a squadre Seniores"]
[Site "Sebenico CRO"]
[Date "2014.04.01"]
[Round "1.4"]
[White "Micheli, Carlo"]
[Black "Gilbert, Colin"]
[Result "1-0"]
[WhiteElo "2289"]
[BlackElo "1780"]
[Annotator "ITA-WLS Gwent"]
[PlyCount "67"]
[EventDate "2014.04.01"]

1. c4 Nf6 2. g3 g6 3. Bg2 Bg7 4. Nc3 c5 5. d3 Nc6 6. Bd2 d6 7. Qc1 Nd4 8. Rb1
Rb8 9. e3 Nc6 10. a3 Ne5 11. Qc2 O-O 12. f4 Ned7 13. b4 b6 14. Nf3 Bb7 15. e4
Ne8 16. O-O e6 17. Rbe1 Nc7 18. Nd1 Qe7 19. Bc3 Rbe8 20. Bxg7 Kxg7 21. Ne3 Qd8
22. g4 d5 23. g5 dxe4 24. dxe4 cxb4 25. axb4 Qe7 26. Qc3+ Kg8 27. Ng4 f6 28. f5
e5 29. fxg6 hxg6 30. gxf6 Nxf6 31. Nfxe5 Nxg4 32. Nxg4 Qh4 33. Nf6+ Rxf6 34.
Qxf6 1-0

[Event "XVI C.to Europeo a squadre Seniores"]
[Site "Sebenico CRO"]
[Date "2014.04.02"]
[Round "2.1"]
[White "Garcia Palermo, Carlos Horacio"]
[Black "Stebbings, Anthony J."]
[Result "0-1"]
[WhiteElo "2455"]
[BlackElo "2302"]
[Annotator "ITA-ENG1"]
[PlyCount "80"]
[EventDate "2014.04.01"]

1. d4 Nf6 2. Bg5 e6 3. Nd2 c5 4. e3 cxd4 5. exd4 Be7 6. c3 O-O 7. Bd3 d6 8.
Ngf3 b6 9. Bxf6 Bxf6 10. Qe2 Bb7 11. h4 Nd7 12. Ng5 g6 13. Nge4 Qe7 14. O-O-O
Bg7 15. h5 e5 16. hxg6 hxg6 17. dxe5 Nxe5 18. Bc2 Rfe8 19. f4 Nd7 20. Qf2 Nf6
21. Ng5 Qe2 22. Qh4 Qg4 23. Bb3 d5 24. Ndf3 Qxh4 25. Rxh4 Re2 26. Ne5 Rf8 27.
g4 Ne4 28. Ngf3 Rd8 29. Nd4 Rf2 30. Ndc6 Bxc6 31. Nxc6 Rd7 32. g5 Kf8 33. Rxd5
Rxd5 34. Bxd5 Nc5 35. Bc4 Na4 36. f5 gxf5 37. Bxf7 Nxb2 38. g6 Nd3+ 39. Kb1
Rb2+ 40. Ka1 Rc2 0-1

[Event "XVI C.to Europeo a squadre Seniores"]
[Site "Sebenico CRO"]
[Date "2014.04.02"]
[Round "2.2"]
[White "Quinn, John M."]
[Black "Bruno, Fabio"]
[Result "0-1"]
[WhiteElo "2135"]
[BlackElo "2413"]
[Annotator "ITA-ENG1"]
[PlyCount "62"]
[EventDate "2014.04.01"]

1. d4 d5 2. c4 c6 3. Nf3 e6 4. Qc2 dxc4 5. Qxc4 b5 6. Qc2 Bb7 7. Bg5 Nf6 8.
Nbd2 Nbd7 9. e3 Rc8 10. Be2 a6 11. a4 c5 12. axb5 cxd4 13. Qd3 dxe3 14. Bxe3
axb5 15. Qxb5 Bd5 16. Bd4 Bc5 17. O-O O-O 18. Qd3 Qb6 19. b4 Qxb4 20. Rfb1 Bxd4
21. Rxb4 Bxa1 22. Rb1 Bc3 23. h3 Ba5 24. Qa3 Ra8 25. Nc4 Bb6 26. Qd6 Bxf2+ 27.
Kh1 Nc5 28. Nfd2 Nce4 29. Qf4 g5 30. Qe5 Nd7 31. Qc7 Ra7 0-1

[Event "XVI C.to Europeo a squadre Seniores"]
[Site "Sebenico CRO"]
[Date "2014.04.02"]
[Round "2.3"]
[White "Bellia, Fabrizio"]
[Black "Scholes, James E."]
[Result "1-0"]
[WhiteElo "2409"]
[BlackElo "2103"]
[Annotator "ITA-ENG1"]
[PlyCount "81"]
[EventDate "2014.04.01"]

1. Nf3 c5 2. c4 d6 3. d4 cxd4 4. Nxd4 g6 5. Nc3 Bg7 6. e4 Nc6 7. Be3 Nf6 8. Be2
O-O 9. O-O Bd7 10. Qd2 Nxd4 11. Bxd4 Bc6 12. f3 a6 13. Rfd1 Qb8 14. b4 b5 15.
a4 bxc4 16. b5 axb5 17. axb5 Bb7 18. Bxc4 Qc7 19. Bf1 Nd7 20. Bxg7 Kxg7 21. Na4
Nc5 22. Qc3+ Kg8 23. Nxc5 dxc5 24. Rxa8 Rxa8 25. Rc1 Rc8 26. Bc4 Qd6 27. Qb3 e6
28. Rd1 Qe5 29. Qd3 Rc7 30. Qd8+ Kg7 31. Qb8 Qf4 32. b6 Qe3+ 33. Kf1 Re7 34.
Qe5+ Kh6 35. Qf6 Qg5 36. Qh8 f5 37. Qf8+ Kh5 38. g3 e5 39. f4 Qg4 40. Ke1 Qf3
41. Be2 1-0

[Event "XVI C.to Europeo a squadre Seniores"]
[Site "Sebenico CRO"]
[Date "2014.04.02"]
[Round "2.4"]
[White "Bowmer, Kevin"]
[Black "Micheli, Carlo"]
[Result "1/2-1/2"]
[WhiteElo "2083"]
[BlackElo "2289"]
[Annotator "ITA-ENG1"]
[PlyCount "75"]
[EventDate "2014.04.01"]

1. e4 c5 2. Nf3 e6 3. d4 cxd4 4. Nxd4 a6 5. Bd3 Qc7 6. c4 Nf6 7. Nc3 d6 8. Qe2
Nbd7 9. f4 g6 10. O-O Bg7 11. Be3 O-O 12. Rad1 Re8 13. Kh1 b6 14. Nf3 Bb7 15.
Rfe1 Rac8 16. Bd4 e5 17. Be3 Nh5 18. fxe5 dxe5 19. Nd5 Bxd5 20. cxd5 b5 21. g3
Nhf6 22. Rc1 Qd6 23. Rc2 Nb6 24. Rec1 Rxc2 25. Qxc2 Nbxd5 26. Bc5 Qb8 27. Qb3
h6 28. a4 Rc8 29. axb5 Bf8 30. Re1 Rxc5 31. exd5 e4 32. Bxe4 Rxb5 33. Qd3 Ng4
34. Re2 Rxb2 35. Nd2 Qb6 36. Kg2 Bc5 37. Nc4 Ne3+ 38. Nxe3 1/2-1/2

[Event "XVI C.to Europeo a squadre Seniores"]
[Site "Sebenico CRO"]
[Date "2014.04.03"]
[Round "3.1"]
[White "Ftacnik, Lubomir"]
[Black "Garcia Palermo, Carlos Horacio"]
[Result "1-0"]
[WhiteElo "2563"]
[BlackElo "2455"]
[Annotator "ITA-SVK"]
[PlyCount "49"]
[EventDate "2014.04.01"]

1. Nf3 Nf6 2. c4 b6 3. g3 Bb7 4. Bg2 e6 5. O-O Be7 6. d4 O-O 7. d5 exd5 8. Nh4
c6 9. cxd5 Nxd5 10. Nf5 Bf6 11. e4 Ne7 12. Nd6 Ba6 13. Re1 Be5 14. Nc3 c5 15.
Bf4 Bxf4 16. gxf4 Nbc6 17. Re3 Nd4 18. Qa4 Bc8 19. e5 Nec6 20. Rae1 a5 21. Nd5
Ba6 22. Qd1 Ne7 23. Nf6+ Kh8 24. Rh3 h6 25. Qb1 1-0

[Event "XVI C.to Europeo a squadre Seniores"]
[Site "Sebenico CRO"]
[Date "2014.04.03"]
[Round "3.2"]
[White "Bruno, Fabio"]
[Black "Stohl, Igor"]
[Result "1/2-1/2"]
[WhiteElo "2413"]
[BlackElo "2516"]
[Annotator "ITA-SVK"]
[PlyCount "22"]
[EventDate "2014.04.01"]

1. d4 Nf6 2. c4 e6 3. Nc3 Bb4 4. e3 c5 5. Nge2 cxd4 6. exd4 O-O 7. a3 Be7 8.
Nf4 d6 9. Be2 e5 10. Nfd5 Nxd5 11. Nxd5 Nc6 1/2-1/2

[Event "XVI C.to Europeo a squadre Seniores"]
[Site "Sebenico CRO"]
[Date "2014.04.03"]
[Round "3.3"]
[White "Plachetka, Jan"]
[Black "Bellia, Fabrizio"]
[Result "1/2-1/2"]
[WhiteElo "2360"]
[BlackElo "2409"]
[Annotator "ITA-SVK"]
[PlyCount "23"]
[EventDate "2014.04.01"]

1. c4 e6 2. Nf3 Nf6 3. g3 d5 4. b3 Be7 5. Bb2 O-O 6. Bg2 c5 7. O-O Nc6 8. e3 b6
9. Qe2 Ba6 10. Nc3 Rc8 11. d3 Qc7 12. Rfd1 1/2-1/2

[Event "XVI C.to Europeo a squadre Seniores"]
[Site "Sebenico CRO"]
[Date "2014.04.03"]
[Round "3.4"]
[White "Micheli, Carlo"]
[Black "Petran, Peter"]
[Result "1-0"]
[WhiteElo "2289"]
[BlackElo "2316"]
[Annotator "ITA-SVK"]
[PlyCount "133"]
[EventDate "2014.04.01"]

1. c4 g6 2. Nc3 Bg7 3. g3 c5 4. Bg2 Nc6 5. d3 e6 6. Bd2 Nge7 7. h4 h6 8. Nh3 e5
9. a3 a5 10. Rb1 d6 11. b3 Be6 12. Nd5 Rb8 13. Bc3 O-O 14. h5 g5 15. e3 g4 16.
Ng1 Bd7 17. Ne2 Nxd5 18. cxd5 Ne7 19. d4 cxd4 20. exd4 f6 21. dxe5 fxe5 22. Be4
b6 23. b4 Ra8 24. Qd2 a4 25. b5 Bf5 26. Rb4 Qd7 27. Qd3 Bxe4 28. Qxe4 Qf5 29.
Qxf5 Rxf5 30. Rxg4 Nxd5 31. Bd2 Kf7 32. Rhh4 Bf6 33. Rxa4 Rxa4 34. Rxa4 Rxh5
35. Nc3 Nxc3 36. Bxc3 Rh1+ 37. Ke2 Rb1 38. Ra7+ Ke6 39. a4 d5 40. Ra6 Bd8 41.
Ba5 Rb2+ 42. Ke1 Rb1+ 43. Kd2 Rb2+ 44. Kc3 Rxf2 45. Bxb6 Bxb6 46. Rxb6+ Kf5 47.
Rxh6 d4+ 48. Kb3 Rf1 49. b6 Ke4 50. Rh2 Rf7 51. a5 Kd5 52. Rc2 d3 53. Rc7 Rf1
54. Kc3 e4 55. b7 Rc1+ 56. Kd2 Rxc7 57. b8=Q Rc2+ 58. Kd1 e3 59. Qb3+ Ke4 60.
Qb4+ Kd5 61. Qb5+ Ke4 62. Qb7+ Kd4 63. Qb6+ Ke4 64. Qg6+ Kd4 65. Qf6+ Kd5 66.
Qf3+ Kd4 67. Qf4+ 1-0

[Event "XVI C.to Europeo a squadre Seniores"]
[Site "Sebenico CRO"]
[Date "2014.04.04"]
[Round "4.1"]
[White "Garcia Palermo, Carlos Horacio"]
[Black "Kristiansen, Jens"]
[Result "0-1"]
[WhiteElo "2455"]
[BlackElo "2412"]
[Annotator "ITA-DEN"]
[PlyCount "80"]
[EventDate "2014.04.01"]

1. c4 e5 2. g3 d6 3. Bg2 g6 4. Nc3 Bg7 5. d3 f5 6. e4 Nc6 7. Nge2 Nh6 8. h4 Ng4
9. f3 Nf6 10. Be3 Nh5 11. Nd5 O-O 12. exf5 gxf5 13. Qd2 Be6 14. Bh6 Bxd5 15.
cxd5 Nd4 16. Nxd4 exd4 17. Bxg7 Kxg7 18. O-O-O Nxg3 19. Rhe1 Qxh4 20. f4 Rae8
21. Qf2 Re3 22. Kb1 Rfe8 23. Rg1 Qg4 24. Bh1 h5 25. Qc2 R8e7 26. Qa4 Qxf4 27.
Qxa7 b6 28. Rc1 Kh6 29. Qb8 Qe5 30. a4 Qg7 31. Ka2 Rxd3 32. Rc2 Rde3 33. Qd8 d3
34. Rc4 Re2 35. Rb4 f4 36. Bf3 Rf2 37. Bd1 h4 38. Qc8 Qf6 39. a5 Re4 40. Rb5
bxa5 0-1

[Event "XVI C.to Europeo a squadre Seniores"]
[Site "Sebenico CRO"]
[Date "2014.04.04"]
[Round "4.2"]
[White "Brinck-Claussen, Bjorn"]
[Black "Bruno, Fabio"]
[Result "0-1"]
[WhiteElo "2240"]
[BlackElo "2413"]
[Annotator "ITA-DEN"]
[PlyCount "74"]
[EventDate "2014.04.01"]

1. d4 d5 2. c4 c6 3. Nc3 e6 4. e3 Bd6 5. Nf3 f5 6. Ne5 Nf6 7. f4 O-O 8. Be2 b6
9. O-O Bb7 10. b3 Qe7 11. Bb2 Nbd7 12. Qc2 Rac8 13. Rad1 Bb4 14. Bf3 a5 15.
cxd5 cxd5 16. Qd3 Bxc3 17. Bxc3 Nb8 18. Qd2 Ba6 19. Rfe1 Rc7 20. Rc1 Rfc8 21.
Bb2 Nc6 22. Rxc6 Rxc6 23. Nxc6 Rxc6 24. Rc1 Qe8 25. Ba3 h6 26. Rxc6 Qxc6 27.
Qc1 Qd7 28. h4 Kh7 29. Bf8 Kg8 30. Ba3 Bd3 31. Qc3 Be4 32. Be2 Kh7 33. b4 Qf7
34. h5 Nxh5 35. bxa5 Qg6 36. Bf1 Ng3 37. axb6 Ne2+ 0-1

[Event "XVI C.to Europeo a squadre Seniores"]
[Site "Sebenico CRO"]
[Date "2014.04.04"]
[Round "4.3"]
[White "Bellia, Fabrizio"]
[Black "Jorgensen, Jorgen"]
[Result "1/2-1/2"]
[WhiteElo "2409"]
[BlackElo "2206"]
[Annotator "ITA-DEN"]
[PlyCount "121"]
[EventDate "2014.04.01"]

1. d4 f5 2. c4 Nf6 3. g3 g6 4. Bg2 Bg7 5. Nf3 d6 6. O-O O-O 7. Nc3 c6 8. b3 a5
9. Bb2 Na6 10. a3 Bd7 11. Qd3 Qc7 12. e4 e5 13. dxe5 dxe5 14. exf5 gxf5 15. Qc2
e4 16. Ne1 Rae8 17. Ne2 Nc5 18. Bh3 Nh5 19. Bxg7 Kxg7 20. b4 Ne6 21. Qc3+ Kg8
22. f4 exf3 23. Qxf3 Neg7 24. Nd3 axb4 25. axb4 Be6 26. Rac1 Qf7 27. c5 Bd5 28.
Qf2 Bc4 29. Rfd1 Bxd3 30. Rxd3 Qa2 31. Nc3 Qc4 32. Qa2 Qxa2 33. Nxa2 f4 34. Nc3
fxg3 35. hxg3 Nf6 36. Bg2 Re5 37. Rcd1 Ne6 38. Rf1 Ng5 39. Rf4 Kg7 40. Rf1 Rf7
41. Nd1 Rfe7 42. Nb2 Re3 43. Rfd1 Re1+ 44. Bf1 R1e4 45. Rb3 Re3 46. Rdd3 Re1
47. Nd1 Nd5 48. Kf2 R1e4 49. b5 Rf7+ 50. Kg2 Re1 51. Nf2 Rc1 52. Rb2 Rxc5 53.
bxc6 bxc6 54. Be2 Re7 55. Nd1 Rc1 56. Kf2 Ne4+ 57. Kg2 Ng5 58. Kf2 Ne4+ 59. Kg2
Ng5 60. Kf2 Ne4+ 61. Kg2 1/2-1/2

[Event "XVI C.to Europeo a squadre Seniores"]
[Site "Sebenico CRO"]
[Date "2014.04.04"]
[Round "4.4"]
[White "Grabow, Pouelsten Holm"]
[Black "Micheli, Carlo"]
[Result "1-0"]
[WhiteElo "2131"]
[BlackElo "2289"]
[Annotator "ITA-DEN"]
[PlyCount "57"]
[EventDate "2014.04.01"]

1. c4 d6 2. Nc3 e5 3. g3 Nc6 4. Bg2 g6 5. d3 Bg7 6. Rb1 f5 7. e3 Nf6 8. Nge2
O-O 9. b4 Ne7 10. Qc2 g5 11. f4 gxf4 12. exf4 Ng6 13. O-O c6 14. b5 Bd7 15. Ba3
Ng4 16. Bxd6 Re8 17. Bc5 exf4 18. Nxf4 Nxf4 19. Rxf4 Qf6 20. bxc6 bxc6 21. h3
Qxc3 22. Qxc3 Bxc3 23. hxg4 fxg4 24. Rb7 Rad8 25. Rxa7 Bc8 26. Be4 Be5 27.
Bxh7+ Kh8 28. Rff7 Bxg3 29. Be7 1-0

[Event "XVI C.to Europeo a squadre Seniores"]
[Site "Sebenico CRO"]
[Date "2014.04.05"]
[Round "5.1"]
[White "Malmdin, Nils Ake"]
[Black "Garcia Palermo, Carlos Horacio"]
[Result "0-1"]
[WhiteElo "2175"]
[BlackElo "2455"]
[Annotator "ITA-SWE2"]
[PlyCount "78"]
[EventDate "2014.04.01"]

1. e4 c6 2. d4 d5 3. e5 Bf5 4. Nf3 e6 5. Be3 Nd7 6. Be2 Ne7 7. O-O Bg6 8. Nh4
c5 9. c3 Nc6 10. g3 Qb6 11. Qd2 Be7 12. Ng2 Rc8 13. h4 h6 14. Nf4 Bf5 15. Nh5
Rg8 16. Rc1 g6 17. Nf4 Qd8 18. Na3 h5 19. Nc2 Kf8 20. Ng2 Kg7 21. Bg5 Bxg5 22.
hxg5 Bxc2 23. Rxc2 cxd4 24. f4 Qb6 25. Kh2 Nc5 26. Bf3 Ne4 27. Bxe4 dxe4 28.
Re1 Rgd8 29. Rxe4 dxc3 30. Qxc3 Nd4 31. Rxd4 Rxc3 32. bxc3 Rxd4 33. cxd4 Qxd4
34. Re2 Qc4 35. Rf2 b5 36. Ne1 a5 37. Kg2 b4 38. Rc2 Qe4+ 39. Kf2 h4 0-1

[Event "XVI C.to Europeo a squadre Seniores"]
[Site "Sebenico CRO"]
[Date "2014.04.05"]
[Round "5.2"]
[White "Bruno, Fabio"]
[Black "Petersson, Gosta"]
[Result "1-0"]
[WhiteElo "2413"]
[BlackElo "2158"]
[Annotator "ITA-SWE2"]
[PlyCount "75"]
[EventDate "2014.04.01"]

1. d4 d5 2. c4 Bf5 3. cxd5 Bxb1 4. Rxb1 Qxd5 5. a3 Nc6 6. Nf3 O-O-O 7. Qc2 Nxd4
8. Nxd4 Qxd4 9. g3 Qd5 10. e4 Qd6 11. Be3 Nf6 12. Be2 Qc6 13. Qxc6 bxc6 14.
Ba6+ Kb8 15. f3 e6 16. Ke2 Be7 17. b4 Nd7 18. Rhc1 Nb6 19. Rxc6 Rd6 20. Rbc1
Rxc6 21. Rxc6 Rd8 22. Rc2 Bf6 23. Bf4 e5 24. Be3 Be7 25. f4 Bd6 26. Kf3 f6 27.
f5 Bf8 28. Ke2 Nc8 29. h4 Nd6 30. Kf3 Nb7 31. Rc1 Rd6 32. Bc4 a5 33. bxa5 Nxa5
34. Rb1+ Kc8 35. Be6+ Rxe6 36. fxe6 Bxa3 37. Ra1 Bb4 38. Bc5 1-0

[Event "XVI C.to Europeo a squadre Seniores"]
[Site "Sebenico CRO"]
[Date "2014.04.05"]
[Round "5.3"]
[White "Nyberg, Ulf"]
[Black "Bellia, Fabrizio"]
[Result "0-1"]
[WhiteElo "2141"]
[BlackElo "2409"]
[Annotator "ITA-SWE2"]
[PlyCount "82"]
[EventDate "2014.04.01"]

1. d4 Nf6 2. c4 e6 3. Nc3 Bb4 4. e3 O-O 5. Nge2 d5 6. a3 Be7 7. cxd5 exd5 8.
Bd2 Nbd7 9. b4 c6 10. Ng3 Nb6 11. Bd3 Nc4 12. Bxc4 dxc4 13. O-O a5 14. Qe2 b5
15. Nce4 Nxe4 16. Nxe4 Bf5 17. f3 axb4 18. axb4 Qd5 19. Nf2 Bg6 20. Bc3 f5 21.
Rfe1 h6 22. Qb2 Bh4 23. Rxa8 Rxa8 24. g3 Bg5 25. e4 fxe4 26. fxe4 Qd7 27. Kg2
Re8 28. Qe2 Qe6 29. Qf3 Rf8 30. Qe2 Re8 31. Qf3 Bd8 32. Qf4 Rf8 33. Qd2 Bh5 34.
Qb2 Qf7 35. Qc2 Qf3+ 36. Kg1 Bg5 37. Nd1 Bg4 38. Bd2 Bh3 39. Bf4 Bxf4 40. gxf4
Rxf4 41. Nf2 Qg2# 0-1

[Event "XVI C.to Europeo a squadre Seniores"]
[Site "Sebenico CRO"]
[Date "2014.04.05"]
[Round "5.4"]
[White "Micheli, Carlo"]
[Black "Nordstrom, Felix"]
[Result "1-0"]
[WhiteElo "2289"]
[BlackElo "2125"]
[Annotator "ITA-SWE2"]
[PlyCount "141"]
[EventDate "2014.04.01"]

1. e4 e5 2. Nf3 Nc6 3. Bb5 a6 4. Ba4 d6 5. c3 Bd7 6. O-O Nf6 7. Re1 g6 8. d4 b5
9. Bb3 Bg7 10. Nbd2 O-O 11. Nf1 Re8 12. Ng3 Na5 13. Bc2 c5 14. b3 cxd4 15. cxd4
Nc6 16. h3 Rc8 17. Bb2 Qb6 18. Qd2 a5 19. Rad1 Rcd8 20. Qc1 Bc8 21. dxe5 dxe5
22. Qa1 Rxd1 23. Rxd1 Qc5 24. Bd3 Nd7 25. Ne2 b4 26. Rc1 Qd6 27. Bb5 Ndb8 28.
Nf4 Rd8 29. Nd5 Bb7 30. Rd1 f6 31. Qc1 Kh8 32. g4 Ne7 33. Bc4 Rc8 34. Qb1 Nxd5
35. Bxd5 Qe7 36. Qd3 Ba6 37. Qe3 h6 38. Rd2 Qc7 39. h4 Qd7 40. Nh2 Qe7 41. Qb6
Kh7 42. Kg2 Qc7 43. Qe6 Bb5 44. h5 gxh5 45. Qf5+ Kh8 46. Qxh5 Be8 47. Qh3 Nd7
48. g5 fxg5 49. Be6 Rd8 50. Qd3 h5 51. Nf1 Bf6 52. Qf3 g4 53. Qf5 Kg7 54. Ng3
Nf8 55. Bd5 Qe7 56. Nxh5+ Bxh5 57. Qxh5 Ng6 58. Qxg4 Bg5 59. Rc2 Nf4+ 60. Kg1
Nxd5 61. exd5 Kh6 62. f4 Bxf4 63. Qh3+ Kg6 64. Rg2+ Kf7 65. Qh5+ Kf8 66. Qh8+
Kf7 67. Rg7+ Kf6 68. Rg8+ Kf5 69. Rxd8 Qc5+ 70. Kh1 Qf2 71. Qh3+ 1-0

[Event "XVI C.to Europeo a squadre Seniores"]
[Site "Sebenico CRO"]
[Date "2014.04.06"]
[Round "6.1"]
[White "Karlsson, Lars"]
[Black "Garcia Palermo, Carlos Horacio"]
[Result "1-0"]
[WhiteElo "2408"]
[BlackElo "2455"]
[Annotator "ITA-SWE1"]
[PlyCount "59"]
[EventDate "2014.04.01"]

1. Nf3 Nf6 2. g3 b6 3. Bg2 Bb7 4. O-O e6 5. c4 Be7 6. b3 O-O 7. Bb2 d5 8. e3
Nbd7 9. Qe2 a5 10. d3 a4 11. Nbd2 axb3 12. axb3 dxc4 13. bxc4 Nc5 14. Rxa8 Bxa8
15. d4 Na4 16. Ba1 Bb4 17. Qd3 Nc5 18. Qb1 Na6 19. Rd1 h6 20. e4 Qe7 21. Ne5
Rd8 22. Nf1 Ba5 23. c5 Qe8 24. Nc4 Qa4 25. Nfe3 Nb4 26. Nxa5 bxa5 27. d5 exd5
28. Bxf6 gxf6 29. exd5 Re8 30. c6 1-0

[Event "XVI C.to Europeo a squadre Seniores"]
[Site "Sebenico CRO"]
[Date "2014.04.06"]
[Round "6.2"]
[White "Bruno, Fabio"]
[Black "Wahlbom, Magnus"]
[Result "1/2-1/2"]
[WhiteElo "2413"]
[BlackElo "2291"]
[Annotator "ITA-SWE1"]
[PlyCount "87"]
[EventDate "2014.04.01"]

1. d4 Nf6 2. Nf3 e6 3. e3 c5 4. c4 d5 5. Nc3 Nc6 6. a3 dxc4 7. Bxc4 cxd4 8.
exd4 Be7 9. O-O O-O 10. Qd3 b6 11. Bg5 Bb7 12. Rad1 Qc7 13. Ba2 Rad8 14. Bb1 g6
15. Rc1 Qb8 16. Rfd1 Rfe8 17. Qe3 Ng4 18. Qf4 Qxf4 19. Bxf4 Nxd4 20. Rxd4 Rxd4
21. Nxd4 e5 22. h3 exd4 23. Nb5 Nf6 24. Nxd4 Be4 25. Bxe4 Nxe4 26. Be3 Bf6 27.
b4 Rd8 28. Nc6 Rd7 29. g4 Nc3 30. Kg2 Rc7 31. Nd4 a6 32. g5 Bg7 33. Ne2 b5 34.
Nxc3 Rxc3 35. Rd1 Be5 36. Rd8+ Kg7 37. Bc5 h5 38. f4 Rc2+ 39. Kf3 Bb2 40. Ke4
Re2+ 41. Kd3 Rh2 42. Ke4 Re2+ 43. Kf3 Rc2 44. Ke4 1/2-1/2

[Event "XVI C.to Europeo a squadre Seniores"]
[Site "Sebenico CRO"]
[Date "2014.04.06"]
[Round "6.3"]
[White "Bergstrom, Rolf"]
[Black "Bellia, Fabrizio"]
[Result "0-1"]
[WhiteElo "2285"]
[BlackElo "2409"]
[Annotator "ITA-SWE1"]
[PlyCount "136"]
[EventDate "2014.04.01"]

1. e4 e5 2. Nf3 Nc6 3. Nc3 Nf6 4. Bb5 Bd6 5. O-O O-O 6. d3 h6 7. a3 a6 8. Ba4
Re8 9. Be3 Bf8 10. Bb3 d6 11. h3 Be6 12. Bxe6 Rxe6 13. Nd5 Nh7 14. Nh2 Ne7 15.
c4 Rg6 16. f4 Nxd5 17. cxd5 exf4 18. Bxf4 c6 19. dxc6 bxc6 20. Kh1 Ng5 21. Nf3
Nxf3 22. Qxf3 Rf6 23. Qe2 Qd7 24. d4 d5 25. e5 Re6 26. b4 a5 27. Qg4 Qa7 28.
Rad1 axb4 29. axb4 Bxb4 30. Be3 Rg6 31. Qf5 Qe7 32. Rb1 Rf8 33. Rb3 c5 34. Rfb1
cxd4 35. Bxd4 Bd2 36. Rb7 Qg5 37. Qxg5 Rxg5 38. Rd7 Bf4 39. Rxd5 f6 40. Rf1
fxe5 41. Bg1 Rf6 42. Rdd1 Kf7 43. Bf2 Rgg6 44. Bc5 Rc6 45. Be3 Rgf6 46. Bxf4
Rxf4 47. Rxf4+ exf4 48. Rf1 g5 49. h4 Rc3 50. hxg5 hxg5 51. Kg1 Kg6 52. Ra1 Kh5
53. Ra8 Rc2 54. Ra3 g4 55. Rb3 Kg5 56. Rb5+ Kh4 57. Rb3 Rc1+ 58. Kf2 g3+ 59.
Kf3 Rf1+ 60. Ke4 Kg4 61. Rb8 Re1+ 62. Kd3 Re6 63. Rg8+ Kf5 64. Rf8+ Rf6 65. Ra8
f3 66. gxf3 g2 67. Ra1 Kf4 68. Rg1 Kxf3 0-1

[Event "XVI C.to Europeo a squadre Seniores"]
[Site "Sebenico CRO"]
[Date "2014.04.06"]
[Round "6.4"]
[White "Micheli, Carlo"]
[Black "Hammar, Bengt"]
[Result "1/2-1/2"]
[WhiteElo "2289"]
[BlackElo "2232"]
[Annotator "ITA-SWE1"]
[PlyCount "84"]
[EventDate "2014.04.01"]

1. c4 e5 2. g3 g6 3. Bg2 Bg7 4. Nc3 d6 5. d3 Ne7 6. Bd2 f5 7. Qc1 Nd7 8. Bh6
O-O 9. Nh3 Nf6 10. O-O c6 11. Bxg7 Kxg7 12. f4 h6 13. e3 Be6 14. b3 Qb6 15. Qd2
Rad8 16. Rad1 Ng4 17. d4 e4 18. Nf2 Nxf2 19. Rxf2 d5 20. Na4 Qc7 21. Bf1 g5 22.
Rc1 Bc8 23. Qb4 b6 24. Nc3 Be6 25. a4 Rb8 26. Rfc2 Qd7 27. cxd5 Nxd5 28. Nxd5
Bxd5 29. Bc4 Bxc4 30. Rxc4 Rf6 31. Qc3 gxf4 32. gxf4 Rc8 33. b4 Kh7 34. Kh1 Qf7
35. Qc2 Qh5 36. Qd1 Qh3 37. Qe2 Rg6 38. Rg1 Rxg1+ 39. Kxg1 Rg8+ 40. Kh1 Rg3 41.
Rxc6 Rxe3 42. Rc7+ Kh8 1/2-1/2

[Event "XVI C.to Europeo a squadre Seniores"]
[Site "Sebenico CRO"]
[Date "2014.04.07"]
[Round "7.1"]
[White "Garcia Palermo, Carlos Horacio"]
[Black "Westerinen, Heikki M.J."]
[Result "1/2-1/2"]
[WhiteElo "2455"]
[BlackElo "2293"]
[Annotator "ITA-FIN1"]
[PlyCount "21"]
[EventDate "2014.04.01"]

1. c4 Nf6 2. Nf3 g6 3. b3 Bg7 4. Bb2 O-O 5. g3 d6 6. d4 c5 7. Bg2 Nc6 8. Nc3
Bd7 9. d5 Na5 10. Nd2 e5 11. dxe6 1/2-1/2

[Event "XVI C.to Europeo a squadre Seniores"]
[Site "Sebenico CRO"]
[Date "2014.04.07"]
[Round "7.2"]
[White "Kanko, Ilkka"]
[Black "Bruno, Fabio"]
[Result "1-0"]
[WhiteElo "2188"]
[BlackElo "2413"]
[Annotator "ITA-FIN1"]
[PlyCount "81"]
[EventDate "2014.04.01"]

1. d4 d5 2. c4 c6 3. Nf3 e6 4. e3 Bd6 5. b3 f5 6. Be2 Nf6 7. O-O Qe7 8. a4 Nbd7
9. Ba3 Bxa3 10. Nxa3 a5 11. Nc2 b6 12. Qe1 c5 13. Na3 O-O 14. Nb5 Bb7 15. Ne5
Nxe5 16. dxe5 Nd7 17. f4 Nb8 18. Rd1 Na6 19. Bf3 Nb4 20. Nd6 Bc6 21. Rd2 Rad8
22. Qe2 Rxd6 23. exd6 Qxd6 24. Rfd1 Rd8 25. g3 Qe7 26. e4 fxe4 27. Bxe4 Re8 28.
Bg2 d4 29. Bxc6 Nxc6 30. Qe4 Nb4 31. Re1 g6 32. h4 Qf6 33. Qb7 Qf5 34. Qd7 Qf7
35. Qd6 Qf5 36. Re5 Qh3 37. Rg5 e5 38. f5 e4 39. Qd7 Kf8 40. Rf2 e3 41. Rf3 1-0

[Event "XVI C.to Europeo a squadre Seniores"]
[Site "Sebenico CRO"]
[Date "2014.04.07"]
[Round "7.3"]
[White "Bellia, Fabrizio"]
[Black "Hurme, Harri M."]
[Result "1-0"]
[WhiteElo "2409"]
[BlackElo "2150"]
[Annotator "ITA-FIN1"]
[PlyCount "59"]
[EventDate "2014.04.01"]

1. Nf3 d5 2. c4 e6 3. g3 Nf6 4. Bg2 Be7 5. d4 O-O 6. O-O c6 7. Qc2 b6 8. Nbd2
Bb7 9. e4 c5 10. e5 Nfd7 11. Re1 Nc6 12. a3 cxd4 13. cxd5 exd5 14. Nb3 Rc8 15.
Qd1 Re8 16. Nbxd4 Nc5 17. Bh3 Ne4 18. Bxc8 Qxc8 19. Nxc6 Qxc6 20. Nd4 Qg6 21.
Qa4 f6 22. Qxa7 Ba8 23. e6 h5 24. Bf4 h4 25. b4 Qh5 26. Rac1 g5 27. Bb8 hxg3
28. Bxg3 g4 29. Qd7 Bf8 30. Rc8 1-0

[Event "XVI C.to Europeo a squadre Seniores"]
[Site "Sebenico CRO"]
[Date "2014.04.07"]
[Round "7.4"]
[White "Morant, Paul"]
[Black "Micheli, Carlo"]
[Result "1-0"]
[WhiteElo "2149"]
[BlackElo "2289"]
[Annotator "ITA-FIN1"]
[PlyCount "79"]
[EventDate "2014.04.01"]

1. e4 c5 2. Nf3 e6 3. d4 cxd4 4. Nxd4 Qb6 5. Nb3 Qc7 6. Nc3 a6 7. a4 b6 8. Bd3
Nf6 9. O-O d6 10. Bg5 Nbd7 11. Kh1 Be7 12. f4 h6 13. Bh4 Bb7 14. Qe2 e5 15. Bg3
g6 16. fxe5 dxe5 17. Bc4 O-O 18. Rf3 Rfc8 19. Nd2 Kg7 20. Raf1 Bb4 21. Bb3 Bxc3
22. Rxc3 Nc5 23. Rxf6 Kxf6 24. Rf3+ Kg7 25. Rxf7+ Qxf7 26. Bxf7 Kxf7 27. Bxe5
Rc6 28. h3 Re8 29. Bd4 Ne6 30. Bc3 Kg8 31. Qg4 Kh7 32. Qh4 Ng5 33. Qf2 Rc7 34.
Qxb6 Rf7 35. Nc4 Nxe4 36. Ne5 Rg7 37. Bd4 h5 38. Nxg6 Ng3+ 39. Kh2 Re2 40. Bf2
1-0

[Event "XVI C.to Europeo a squadre Seniores"]
[Site "Sebenico CRO"]
[Date "2014.04.08"]
[Round "8.1"]
[White "Soylu, Suat"]
[Black "Garcia Palermo, Carlos Horacio"]
[Result "1/2-1/2"]
[WhiteElo "2407"]
[BlackElo "2455"]
[Annotator "ITA-TUR"]
[PlyCount "65"]
[EventDate "2014.04.01"]

1. e4 e5 2. Nf3 Nc6 3. Bb5 a6 4. Ba4 Nf6 5. O-O Be7 6. Re1 b5 7. Bb3 d6 8. a4
b4 9. d3 Na5 10. Ba2 c5 11. Nbd2 O-O 12. Nc4 Nxc4 13. Bxc4 a5 14. c3 Nd7 15. h3
Nb6 16. Bb3 bxc3 17. bxc3 c4 18. dxc4 Qc7 19. Ba3 Ba6 20. c5 dxc5 21. Qc1 Nc4
22. Bxc4 Bxc4 23. Nd2 Be6 24. c4 Rfd8 25. Qc2 Qd7 26. Nf1 Qd3 27. Qxd3 Rxd3 28.
Ne3 Rb8 29. Red1 Rxd1+ 30. Rxd1 Rb3 31. Ra1 Kf8 32. Kf1 Ke8 33. Ke2 1/2-1/2